[Event "Ulan Ude Bajkal op 9th"]
[Site "Ulan Ude"]
[Date "2013.07.05"]
[Round "7"]
[White "Uurtsaikh, Agibileg"]
[Black "Shigorov, Vitaly"]
[Result "1-0"]
[WhiteElo "1720"]
[BlackElo "1917"]
[PlyCount "73"]
[EventDate "2013.07.01"]
[EventType "swiss"]
[EventRounds "9"]
[EventCountry "RUS"]
[SourceTitle "OM OTB B 201907"]
[Source "Opening Master"]
[SourceDate "2019.07.06"]
[SourceVersion "2"]
[SourceVersionDate "2019.07.06"]
[SourceQuality "1"]

1. e4 c5 2. Nf3 Nc6 3. d4 cxd4 4. Nxd4 Nf6 5. Nc3 d6 6. Be2 e5 7. Nf3 Be6 8.
O-O Be7 9. Bg5 O-O 10. Re1 Re8 11. Bb5 a6 12. Ba4 Qc7 13. Bb3 Bf8 14. Bxf6 gxf6
15. Nh4 Bxb3 16. axb3 Nd4 17. Nd5 Qd8 18. c3 f5 19. exf5 Qxh4 20. Re4 Qh6 21.
Rg4+ Kh8 22. cxd4 Rac8 23. g3 Be7 24. dxe5 dxe5 25. Nxe7 Rxe7 26. Rh4 Qg5 27.
Rh5 Qg7 28. Ra4 e4 29. Qe2 Rce8 30. Qe3 Qxb2 31. Rd4 Rc7 32. Kg2 Rc2 33. f6 Re2
34. Qg5 Rxf2+ 35. Kg1 Qa1+ 36. Kxf2 e3+ 37. Kg2 1-0

[Event "TUR-chT"]
[Site "Denizli"]
[Date "2013.07.04"]
[Round "7.8"]
[White "Kaplan, Ebru"]
[Black "Paikidze, Nazi"]
[Result "0-1"]
[WhiteElo "1893"]
[BlackElo "2368"]
[PlyCount "122"]
[EventDate "2013.06.29"]
[EventType "team-tourn"]
[EventRounds "13"]
[EventCountry "TUR"]
[SourceTitle "OM OTB B 201907"]
[Source "Opening Master"]
[SourceDate "2019.07.06"]
[SourceVersion "2"]
[SourceVersionDate "2019.07.06"]
[SourceQuality "1"]

1. e4 c5 2. Nf3 Nc6 3. d4 cxd4 4. Nxd4 Nf6 5. Nc3 d6 6. Be2 e5 7. Nb3 Be7 8.
O-O O-O 9. Be3 Be6 10. f4 exf4 11. Bxf4 Qb6+ 12. Kh1 Ne5 13. Qd4 Nfd7 14. Qxb6
Nxb6 15. Nd4 Rac8 16. Bxe5 dxe5 17. Nxe6 fxe6 18. Rxf8+ Bxf8 19. Bd3 Bc5 20.
Rb1 Kf8 21. g3 Ke7 22. Kg2 Bd4 23. Nd1 Rd8 24. b4 Nd7 25. Kf3 Rf8+ 26. Kg2 h5
27. a4 a6 28. Rb3 h4 29. Rb1 Rh8 30. h3 hxg3 31. Kxg3 Rf8 32. c3 Ba7 33. b5 a5
34. Nb2 Bc5 35. Nd1 b6 36. Rb2 Nf6 37. Kh4 Rh8+ 38. Kg3 Nh5+ 39. Kh2 Nf4 40.
Bf1 Rd8 41. Nf2 Bxf2 42. Rxf2 Rd1 43. c4 Kd6 44. h4 Kc5 45. h5 Rd4 46. Kg3 Rxe4
47. Rh2 Re1 48. Kf2 Ra1 49. Rh4 Rxa4 50. h6 gxh6 51. Rxh6 Ra2+ 52. Ke3 Ra1 53.
Kf2 a4 54. Rh8 a3 55. Rc8+ Kd4 56. c5 a2 57. Ra8 Kxc5 58. Ra4 Nd5 59. Rc4+ Kd6
60. Ra4 Nc3 61. Ra3 Rc1 0-1

[Event "FICS rated standard game"]
[Site "FICS freechess.org"]
[Date "2013.07.04"]
[Round "?"]
[White "darkiest"]
[Black "Chumby"]
[Result "0-1"]
[WhiteElo "2236"]
[BlackElo "2375"]
[PlyCount "116"]
[EventDate "2013.??.??"]

1. e4 c5 2. Nf3 d6 3. d4 cxd4 4. Nxd4 Nf6 5. Nc3 Nc6 6. Be2 e5 7. Nf3 h6 8. O-O
Be7 9. Re1 O-O 10. h3 Be6 11. Bf1 Qd7 12. Nd5 Bd8 13. Bc4 Rc8 14. c3 Na5 15.
Nxf6+ Bxf6 16. Bd5 Be7 17. Qd3 Kh8 18. Be3 Nc4 19. Re2 Bxd5 20. Qxd5 b6 21. Rd1
Nxe3 22. Rxe3 Rc5 23. Qd2 Qe6 24. b3 f5 25. exf5 Qxf5 26. c4 a6 27. Qd3 Qxd3
28. Rdxd3 Kh7 29. Nd2 b5 30. cxb5 axb5 31. Ne4 Rc2 32. Rd2 Rxd2 33. Nxd2 Ra8
34. Rd3 Rxa2 35. Ne4 Ra1+ 36. Kh2 Ra8 37. Nc3 Rf8 38. f3 Rb8 39. Rd5 b4 40. Ne4
Kg6 41. Kg3 Kf7 42. Ra5 Ke6 43. Ra6 h5 44. Nc5+ Kf5 45. Nd3 h4+ 46. Kf2 g6 47.
Ke3 Rb5 48. Rc6 d5 49. Ke2 Ra5 50. Rc7 Ra2+ 51. Kf1 Rd2 52. Nf2 Ke6 53. Ng4
Rd1+ 54. Ke2 Ra1 55. Rc6+ Bd6 56. Nf2 Ra2+ 57. Kf1 Ra3 58. Nd3 Kd7 0-1

[Event "IND-ch U13"]
[Site "Puducherry"]
[Date "2013.07.03"]
[Round "6"]
[White "Puranik, Abhimanyu Sameer"]
[Black "Siva, Mahadevan"]
[Result "1-0"]
[WhiteElo "2185"]
[BlackElo "1922"]
[PlyCount "79"]
[EventDate "2013.06.30"]
[EventType "swiss"]
[EventRounds "11"]
[EventCountry "IND"]
[SourceTitle "OM OTB B 201907"]
[Source "Opening Master"]
[SourceDate "2019.07.06"]
[SourceVersion "2"]
[SourceVersionDate "2019.07.06"]
[SourceQuality "1"]

1. e4 c5 2. Nf3 d6 3. d4 cxd4 4. Nxd4 Nf6 5. Nc3 Nc6 6. Be2 e5 7. Nb3 Be7 8.
O-O O-O 9. f4 a5 10. a4 Nb4 11. Be3 Be6 12. Bf3 Rc8 13. Kh1 Qc7 14. Rc1 exf4
15. Bxf4 Qb6 16. Nd4 Bd7 17. Ndb5 Bxb5 18. axb5 Rfd8 19. Qe2 Re8 20. Na4 Qd8
21. c3 Nc6 22. bxc6 bxc6 23. c4 Bf8 24. Qd3 Nd7 25. Bg4 Rb8 26. Bxd7 Qxd7 27.
c5 Rb4 28. Nc3 d5 29. exd5 Rxb2 30. d6 Reb8 31. Ne4 R8b3 32. Rc3 Rb4 33. Bc1
Rb1 34. Ng5 g6 35. Rxf7 Qg4 36. Rxf8+ Kxf8 37. d7 Rd4 38. d8=Q+ Rxd8 39. Qxd8+
Kg7 40. Qe7+ 1-0

[Event "GRE-chT 41st"]
[Site "Achaia"]
[Date "2013.07.03"]
[Round "2.6"]
[White "Tsouba, Maria"]
[Black "Papathanasiou, Elisavet"]
[Result "0-1"]
[WhiteElo "1521"]
[BlackElo "1881"]
[PlyCount "60"]
[EventDate "2013.07.02"]
[EventType "team-swiss"]
[EventRounds "7"]
[EventCountry "GRE"]
[SourceTitle "OM OTB B 201907"]
[Source "Opening Master"]
[SourceDate "2019.07.06"]
[SourceVersion "2"]
[SourceVersionDate "2019.07.06"]
[SourceQuality "1"]

1. e4 c5 2. Nf3 d6 3. d4 cxd4 4. Nxd4 Nf6 5. Nc3 Nc6 6. Be2 e5 7. Ndb5 a6 8.
Na3 b5 9. Nd5 Nxd5 10. Qxd5 Qc7 11. c3 Be6 12. Qd1 Be7 13. Be3 O-O 14. O-O Na5
15. Re1 Rfd8 16. Bf3 Qb7 17. h3 Rac8 18. Qd2 d5 19. exd5 Bxd5 20. Bxd5 Rxd5 21.
Qc2 Bxa3 22. bxa3 Nc4 23. Qb3 Rd3 24. Rad1 Nxe3 25. Rxe3 Rxe3 26. fxe3 Qe4 27.
Rd6 Qxe3+ 28. Kh1 h6 29. Rxa6 Rxc3 30. Qb4 Qe1+ 0-1

[Event "GRE Team Ch 2013 (41st)(Prem League)"]
[Site "Patras"]
[Date "2013.07.03"]
[Round "2"]
[White "Tsihlis, Christos"]
[Black "Hatzis-Bakratsas, Alexandros"]
[Result "0-1"]
[WhiteElo "1538"]
[BlackElo "1807"]
[PlyCount "76"]
[EventDate "2013.07.??"]
[EventRounds "7"]
[EventCountry "GRE"]
[SourceTitle "OM OTB B 201907"]
[Source "Opening Master"]
[SourceDate "2019.07.06"]
[SourceVersion "2"]
[SourceVersionDate "2019.07.06"]
[SourceQuality "1"]

1. e4 c5 2. Nf3 d6 3. d4 cxd4 4. Nxd4 Nf6 5. Nc3 Nc6 6. Be2 e5 7. Nb3 Be6 8.
Be3 Be7 9. O-O O-O 10. Bf3 a5 11. Nd5 Bxd5 12. exd5 Nb4 13. a3 Na6 14. Nd2 Nd7
15. g4 g6 16. Bh6 Re8 17. Bg2 Qb6 18. Nc4 Qc7 19. b3 b5 20. Ne3 Qb6 21. Qf3 Bf6
22. Qg3 Rac8 23. g5 Bh8 24. Bh3 Nab8 25. Rae1 Rc3 26. Bxd7 Nxd7 27. Qg4 Re7 28.
h4 f5 29. Nxf5 gxf5 30. Qxf5 Rf7 31. Qe6 Qd4 32. Kg2 Qf4 33. g6 Qf3+ 34. Kh2
hxg6 35. Qxg6+ Bg7 36. Be3 Nf8 37. Qxd6 Rf4 38. Bxf4 Qxf4+ 0-1

[Event "COL-ch"]
[Site "Ibague"]
[Date "2013.07.02"]
[Round "3"]
[White "Rosero, Hugo Alberto"]
[Black "Guzman, River"]
[Result "0-1"]
[WhiteElo "1664"]
[BlackElo "1972"]
[PlyCount "58"]
[EventDate "2013.07.01"]
[EventType "swiss"]
[EventRounds "11"]
[EventCountry "COL"]
[SourceTitle "OM OTB B 201907"]
[Source "Opening Master"]
[SourceDate "2019.07.06"]
[SourceVersion "2"]
[SourceVersionDate "2019.07.06"]
[SourceQuality "1"]

1. e4 c5 2. Nf3 Nc6 3. d4 cxd4 4. Nxd4 Nf6 5. Nc3 d6 6. Be2 e5 7. Nb3 a5 8. Bg5
Be7 9. O-O a4 10. Nd2 a3 11. bxa3 Rxa3 12. Nb5 Ra8 13. Bxf6 gxf6 14. Nc4 Be6
15. Ncxd6+ Kf8 16. Nxb7 Qb6 17. N7d6 Rd8 18. Qd2 h5 19. Rfd1 Na7 20. Nxa7 Rxd6
21. Qe3 Rxd1+ 22. Rxd1 Bc5 23. Rd8+ Ke7 24. Rxh8 Bxe3 25. fxe3 Qxe3+ 26. Kf1
Qxa7 27. Rxh5 Qxa2 28. Bd3 Bc4 29. Ke2 Qxc2+ 0-1

[Event "FICS unrated standard game"]
[Site "FICS freechess.org"]
[Date "2013.07.01"]
[Round "?"]
[White "JensHKjolberg"]
[Black "ErlendKyrkjebo"]
[Result "1-0"]
[WhiteElo "2011"]
[BlackElo "2029"]
[PlyCount "68"]
[EventDate "2013.??.??"]

1. e4 c5 2. Nf3 Nc6 3. d4 cxd4 4. Nxd4 Nf6 5. Nc3 d6 6. Be2 e5 7. Nf3 h6 8. O-O
Be6 9. Re1 Be7 10. h3 O-O 11. Bf1 a6 12. b3 d5 13. Nxd5 Nxd5 14. exd5 Qxd5 15.
Bb2 Qxd1 16. Rexd1 e4 17. Nd4 Bf6 18. Nxe6 Bxb2 19. Nxf8 Bxa1 20. Rxa1 Kxf8 21.
Rd1 Nb4 22. Rd4 Nxa2 23. Rxe4 b5 24. Rd4 Nc3 25. Rd6 Ke7 26. Rb6 Nd5 27. Rb7+
Kf8 28. c4 bxc4 29. Bxc4 Ne7 30. Bxa6 Rxa6 31. Rb8+ Nc8 32. Rxc8+ Ke7 33. Rc3
Ra1+ 34. Kh2 Rb1 1-0

[Event "Haarlem Nova College op-A 12th"]
[Site "Haarlem"]
[Date "2013.06.30"]
[Round "5"]
[White "Pijpers, Arthur"]
[Black "Vereggen, Lars"]
[Result "1-0"]
[WhiteElo "2338"]
[BlackElo "2095"]
[PlyCount "97"]
[EventDate "2013.06.28"]
[EventType "swiss"]
[EventRounds "6"]
[EventCountry "NED"]
[SourceTitle "OM OTB B 201907"]
[Source "Opening Master"]
[SourceDate "2019.07.06"]
[SourceVersion "2"]
[SourceVersionDate "2019.07.06"]
[SourceQuality "1"]

1. e4 c5 2. Nf3 d6 3. d4 cxd4 4. Nxd4 Nf6 5. Nc3 Nc6 6. Be2 e5 7. Nf3 h6 8. O-O
Be7 9. Re1 O-O 10. h3 Be6 11. Bf1 Nb8 12. b3 a6 13. a4 Nbd7 14. Bb2 b6 15. Nd2
Qc7 16. Nc4 Rfd8 17. Qf3 Nc5 18. Ne3 Bf8 19. Rad1 Ncd7 20. Rd2 Qb7 21. Nf5 Qc6
22. Red1 Nc5 23. Nxh6+ Kh7 24. Ng4 Nxg4 25. hxg4 Kg8 26. Nd5 b5 27. axb5 axb5
28. g5 Rdb8 29. Bd3 Bxd5 30. exd5 Qe8 31. Re1 g6 32. Rde2 Qd8 33. Qg3 Bg7 34.
Bc1 Ra1 35. Bd2 Rxe1+ 36. Rxe1 Qc8 37. Qf3 Qb7 38. Be4 Rc8 39. Bb4 Bf8 40. Qe3
Qe7 41. Bf3 Qd8 42. Bg4 Ra8 43. Bxc5 dxc5 44. Qxe5 Bd6 45. Qe3 Qc7 46. g3 Ra2
47. Re2 Ra8 48. Kg2 c4 49. Re1 1-0

[Event "Vojvodina-ch 4th"]
[Site "Novi Sad"]
[Date "2013.06.30"]
[Round "4"]
[White "Andrijevic, Milan"]
[Black "Dimic, Pavle"]
[Result "1-0"]
[WhiteElo "2322"]
[BlackElo "2218"]
[PlyCount "77"]
[EventDate "2013.06.28"]
[EventType "swiss"]
[EventRounds "9"]
[EventCountry "SRB"]
[SourceTitle "OM OTB B 201907"]
[Source "Opening Master"]
[SourceDate "2019.07.06"]
[SourceVersion "2"]
[SourceVersionDate "2019.07.06"]
[SourceQuality "1"]

1. e4 c5 2. Nf3 d6 3. d4 cxd4 4. Nxd4 Nf6 5. Nc3 Nc6 6. Be2 e5 7. Nb3 Be7 8.
Be3 O-O 9. O-O a5 10. f3 a4 11. Nc1 a3 12. bxa3 Be6 13. Nd5 Bxd5 14. exd5 Nb8
15. Nb3 Nfd7 16. Qd2 h6 17. Qb4 Qc7 18. c4 Na6 19. Qb5 Bg5 20. Bf2 Rfc8 21.
Rab1 Nac5 22. f4 Nxb3 23. axb3 Ra5 24. Bb6 Qxb6+ 25. Qxb6 Nxb6 26. fxg5 hxg5
27. a4 Kf8 28. Bg4 Rc7 29. Rf5 f6 30. Rf3 Ke7 31. Rh3 Ra8 32. Be6 Re8 33. Rh7
Kf8 34. Rc1 Nd7 35. b4 Nb6 36. c5 dxc5 37. Rxc5 Rxc5 38. bxc5 Nxa4 39. d6 1-0

[Event "Haarlem Nova College op-A 12th"]
[Site "Haarlem"]
[Date "2013.06.29"]
[Round "2"]
[White "De Bruijn, Aad"]
[Black "Van Osch, Mees"]
[Result "1/2-1/2"]
[WhiteElo "1999"]
[BlackElo "2180"]
[PlyCount "116"]
[EventDate "2013.06.28"]
[EventType "swiss"]
[EventRounds "6"]
[EventCountry "NED"]
[SourceTitle "OM OTB B 201907"]
[Source "Opening Master"]
[SourceDate "2019.07.06"]
[SourceVersion "2"]
[SourceVersionDate "2019.07.06"]
[SourceQuality "1"]

1. e4 c5 2. Nf3 d6 3. d4 cxd4 4. Nxd4 Nf6 5. Nc3 Nc6 6. Be2 e5 7. Nb3 Be7 8.
O-O O-O 9. f4 a5 10. a4 Nb4 11. Bf3 Be6 12. f5 Bc4 13. Be2 Bxb3 14. cxb3 d5 15.
exd5 Nbxd5 16. Nxd5 Qxd5 17. Qxd5 Nxd5 18. Bf3 Rfd8 19. Re1 Bc5+ 20. Kf1 Bd4
21. Rb1 Rac8 22. Re2 b6 23. Bd2 h6 24. g4 f6 25. Be4 Kf7 26. Rc1 Rxc1+ 27. Bxc1
Nb4 28. Bd2 Na6 29. Bd3 Nc5 30. Bc4+ Ke7 31. b4 Nxa4 32. bxa5 bxa5 33. Bxa5 Ra8
34. Bb4+ Bc5 35. Be1 Nb6 36. Be6 Ra1 37. Kg2 Kd6 38. Bc3 Rg1+ 39. Kf3 Rd1 40.
Rd2+ Rxd2 41. Bxd2 Kc6 42. Ba5 Na4 43. b3 Nb2 44. Ke2 e4 45. Bc3 Nd3 46. Bc4
Nf4+ 47. Kf1 Bb6 48. Bb4 Bc5 49. Bc3 h5 50. g5 fxg5 51. Bxg7 g4 52. Be5 Bd6 53.
Bxf4 Bxf4 54. Kg2 e3 55. f6 Kd6 56. f7 Ke7 57. h3 e2 58. Bxe2 gxh3+ 1/2-1/2

[Event "San Jose op"]
[Site "San Jose"]
[Date "2013.06.29"]
[Round "1"]
[White "Ramirez Arroyo, Joan Emmanuel"]
[Black "Bermudez Vives, Sergio"]
[Result "1/2-1/2"]
[WhiteElo "2055"]
[BlackElo "2177"]
[PlyCount "90"]
[EventDate "2013.06.29"]
[EventType "swiss"]
[EventRounds "9"]
[EventCountry "CRI"]
[SourceTitle "OM OTB B 201907"]
[Source "Opening Master"]
[SourceDate "2019.07.06"]
[SourceVersion "2"]
[SourceVersionDate "2019.07.06"]
[SourceQuality "1"]

1. e4 c5 2. Nf3 Nc6 3. d4 cxd4 4. Nxd4 Nf6 5. Nc3 d6 6. Be2 e5 7. Nb3 Be7 8.
O-O O-O 9. Be3 a5 10. a4 Nb4 11. f4 Be6 12. Kh1 Rc8 13. Bf3 Qc7 14. Rf2 Rfd8
15. Rd2 Bc4 16. Nc1 Qc6 17. N1e2 d5 18. fxe5 Nxe4 19. Nd4 Qc7 20. Nxe4 dxe4 21.
Bxe4 Qxe5 22. Qf3 Bd5 23. Bxd5 Nxd5 24. Bf2 Bf6 25. Re1 Qf4 26. Red1 Bg5 27.
Qxf4 Bxf4 28. Re2 Bg5 29. h4 Bf6 30. g4 g6 31. g5 Bg7 32. Red2 Ne7 33. c3 h6
34. Nf5 Rxd2 35. Nxe7+ Kf8 36. Nxg6+ fxg6 37. Rxd2 hxg5 38. hxg5 Rc4 39. Rd6
Rxa4 40. Rxg6 Ra2 41. Rb6 Kg8 42. Rxb7 Bxc3 43. bxc3 Rxf2 44. Ra7 Rf5 45. g6
Rc5 1/2-1/2

[Event "MNT-chT"]
[Site "Cetinje"]
[Date "2013.06.28"]
[Round "5.3"]
[White "Krivokapic, Marko"]
[Black "Djukic, Nikola"]
[Result "0-1"]
[WhiteElo "2436"]
[BlackElo "2539"]
[PlyCount "104"]
[EventDate "2013.06.24"]
[EventType "team-tourn"]
[EventRounds "9"]
[EventCountry "MNE"]
[SourceTitle "OM OTB B 201907"]
[Source "Opening Master"]
[SourceDate "2019.07.06"]
[SourceVersion "2"]
[SourceVersionDate "2019.07.06"]
[SourceQuality "1"]

1. e4 c5 2. Nf3 Nc6 3. d4 cxd4 4. Nxd4 Nf6 5. Nc3 d6 6. Be2 e5 7. Nb3 Be7 8.
O-O O-O 9. f4 a5 10. a4 Nb4 11. Kh1 Bd7 12. Be3 Bc6 13. Bf3 Qc7 14. Qd2 b6 15.
Qf2 Rab8 16. Rac1 Rfe8 17. fxe5 dxe5 18. Qg3 Na6 19. Bh6 g6 20. Be2 Nc5 21.
Nxc5 bxc5 22. Bg5 Nxe4 23. Nxe4 Bxe4 24. Bc4 Rf8 25. Bh6 Rb4 26. Qc3 Rxc4 27.
Qxc4 Qb7 28. Bxf8 Bxg2+ 29. Kg1 Bxf1 30. Rxf1 Bxf8 31. b3 Bh6 32. Re1 Qc7 33.
c3 Qd6 34. Qe2 Bf4 35. Rd1 Qe6 36. c4 Qh3 37. Rd3 Bxh2+ 38. Kh1 Qh4 39. Rd7
Bf4+ 40. Kg1 Qg3+ 41. Qg2 Qe3+ 42. Kf1 Qc1+ 43. Ke2 Qc2+ 44. Kf1 Qb1+ 45. Ke2
Qxb3 46. Qd5 Qc2+ 47. Kf1 Qf5 48. Rd8+ Kg7 49. Ra8 Be3+ 50. Ke2 Qf2+ 51. Kd3
Qd2+ 52. Ke4 Bd4 0-1

[Event "SUI-ch U10"]
[Site "Geneve"]
[Date "2013.06.27"]
[Round "1"]
[White "Fischer, Daniel"]
[Black "Deveci, Sinan"]
[Result "1-0"]
[WhiteElo "1622"]
[BlackElo "1512"]
[PlyCount "93"]
[EventDate "2013.06.27"]
[EventType "tourn"]
[EventRounds "7"]
[EventCountry "SUI"]
[SourceTitle "OM OTB B 201907"]
[Source "Opening Master"]
[SourceDate "2019.07.06"]
[SourceVersion "2"]
[SourceVersionDate "2019.07.06"]
[SourceQuality "1"]

1. e4 c5 2. Nf3 d6 3. d4 cxd4 4. Nxd4 Nf6 5. Nc3 Nc6 6. Be2 e5 7. Nb3 Be7 8.
O-O O-O 9. Be3 Be6 10. Qd2 a5 11. f3 a4 12. Nc1 d5 13. exd5 Nxd5 14. Nxd5 Bxd5
15. Rd1 Be6 16. Qxd8 Rfxd8 17. Rxd8+ Nxd8 18. Nd3 f6 19. a3 Rc8 20. Rc1 Bd5 21.
Nf2 Bc5 22. Bxc5 Rxc5 23. Bd3 Bf7 24. Ne4 Ra5 25. Rd1 Rd5 26. Nc3 Ra5 27. Bb5
Ne6 28. Rd7 Ra7 29. Bxa4 Be8 30. Re7 Bxa4 31. Nxa4 Rxa4 32. Rxe6 Rd4 33. Rb6
Rd1+ 34. Kf2 Rd2+ 35. Kg3 Rxc2 36. Rxb7 Rc4 37. b3 Rc6 38. a4 Ra6 39. Rb5 Kf7
40. a5 g6 41. Rb7+ Kg8 42. b4 h5 43. Rb6 Ra8 44. a6 Ra7 45. b5 Ra8 46. Rb7 Rxa6
47. bxa6 1-0

[Event "Novokuznetsk Summer op"]
[Site "Novokuznetsk"]
[Date "2013.06.25"]
[Round "7"]
[White "Agalakov, Sergey"]
[Black "Sukiasyan, Artem"]
[Result "0-1"]
[WhiteElo "1923"]
[BlackElo "1945"]
[PlyCount "70"]
[EventDate "2013.06.17"]
[EventType "swiss"]
[EventRounds "9"]
[EventCountry "RUS"]
[SourceTitle "OM OTB B 201907"]
[Source "Opening Master"]
[SourceDate "2019.07.06"]
[SourceVersion "2"]
[SourceVersionDate "2019.07.06"]
[SourceQuality "1"]

1. e4 c5 2. Nf3 Nc6 3. d4 cxd4 4. Nxd4 Nf6 5. Nc3 d6 6. Be2 e5 7. Nb3 a6 8. O-O
Be7 9. Be3 O-O 10. f3 Qc7 11. Na4 Be6 12. c4 Nd7 13. Rc1 Rad8 14. Nc3 f5 15.
Nd5 Qb8 16. Nxe7+ Nxe7 17. Bg5 Nf6 18. exf5 Nxf5 19. Qc2 h6 20. Bd2 Qa7+ 21.
Kh1 Nh5 22. Bd3 Ne3 23. Bxe3 Qxe3 24. Rce1 Qg5 25. Qf2 Nf4 26. Qc2 Rc8 27. Rc1
b5 28. Na5 bxc4 29. Bh7+ Kh8 30. g3 Nd5 31. Qg6 Qe7 32. Qb1 Bh3 33. Rf2 Qc7 34.
b4 Qb6 35. Rb2 Ne3 0-1

[Event "FICS rated standard game"]
[Site "FICS freechess.org"]
[Date "2013.06.25"]
[Round "?"]
[White "jangazy"]
[Black "Sillycon"]
[Result "0-1"]
[WhiteElo "2121"]
[BlackElo "2363"]
[PlyCount "124"]
[EventDate "2013.??.??"]

1. e4 c5 2. Nf3 d6 3. d4 cxd4 4. Nxd4 Nf6 5. Nc3 Nc6 6. Be2 e5 7. Ndb5 a6 8.
Na3 b5 9. Nd5 Nxe4 10. Be3 Rb8 11. O-O Nf6 12. c4 bxc4 13. Nxc4 Nxd5 14. Qxd5
Qc7 15. Rfd1 Nd4 16. Bxd4 Be6 17. Qa5 Qxa5 18. Nxa5 exd4 19. b3 d5 20. Nc6 Rb6
21. Nxd4 Ba3 22. Nc2 Bb2 23. Rab1 Bc3 24. Rd3 Bf6 25. Rbd1 Ke7 26. Ne3 d4 27.
Nc2 Bf5 28. R3d2 Bg5 29. Nxd4 Bxd2 30. Nxf5+ Kf6 31. Nxg7 Rd8 32. Nh5+ Kg6 33.
Nf4+ Kh6 34. Nd3 Bc3 35. Nf4 Rxd1+ 36. Bxd1 Rd6 37. Be2 Rd2 38. Bxa6 Bd4 39.
Nh3 Rxa2 40. Bc4 Ra1+ 41. Bf1 Rb1 42. g3 Kg7 43. Kg2 Rxb3 44. Nf4 h6 45. h4 Kf6
46. Nd3 Ke7 47. Kf3 f5 48. Kf4 Kf6 49. Kf3 Bb6 50. Kf4 Ra3 51. Kf3 Bc7 52. Ke2
Ra2+ 53. Kf3 Ra1 54. Be2 Ra3 55. Kg2 Rc3 56. Kf3 Ke6 57. Kg2 Bd6 58. Kf3 Ra3
59. Ke3 Bc7 60. Kd4 Bb6+ 61. Kc4 Ra2 62. Nc1 Rc2+ 0-1

[Event "GEO-ch 72nd"]
[Site "Tbilisi"]
[Date "2013.06.22"]
[Round "10"]
[White "Quparadze, Giga"]
[Black "Mchedlishvili, Mikheil"]
[Result "1/2-1/2"]
[WhiteElo "2486"]
[BlackElo "2637"]
[PlyCount "71"]
[EventDate "2013.06.12"]
[EventType "tourn"]
[EventRounds "11"]
[EventCountry "GEO"]
[EventCategory "10"]
[SourceTitle "OM OTB B 201907"]
[Source "Opening Master"]
[SourceDate "2019.07.06"]
[SourceVersion "2"]
[SourceVersionDate "2019.07.06"]
[SourceQuality "1"]

1. e4 c5 2. Nf3 d6 3. d4 cxd4 4. Nxd4 Nf6 5. Nc3 Nc6 6. Be2 e5 7. Nf3 Be7 8.
O-O h6 9. h3 O-O 10. Re1 a6 11. Bf1 Qc7 12. b3 Nd4 13. Bb2 Nxf3+ 14. Qxf3 Be6
15. Bd3 Nd7 16. Nd1 Nc5 17. c4 Qc6 18. Nc3 f5 19. Qd1 fxe4 20. Nxe4 Nxd3 21.
Qxd3 b5 22. Rac1 bxc4 23. bxc4 Rad8 24. Kh1 Rd7 25. f3 Rc8 26. f4 Bh4 27. Red1
exf4 28. Qf3 Bg3 29. Rc3 Kh8 30. c5 dxc5 31. Rxd7 Bxd7 32. Nxg3 Qxf3 33. Rxf3
fxg3 34. Rxg3 Rg8 35. Rg6 Kh7 36. Rxa6 1/2-1/2

[Event "Team match"]
[Site "http://gameknot.com/chess.pl?"]
[Date "2013.06.20"]
[Round "?"]
[White "eckhard"]
[Black "jdhjr"]
[Result "1-0"]
[WhiteElo "2204"]
[BlackElo "2225"]
[PlyCount "41"]
[EventDate "2013.??.??"]

1. e4 c5 2. Nf3 d6 3. d4 cxd4 4. Nxd4 Nf6 5. Nc3 Nc6 6. Be2 e5 7. Nb3 Be7 8.
O-O O-O 9. Bf3 a5 10. Be3 a4 11. Nd2 Qc7 12. Nb5 Qa5 13. Qe2 Bd7 14. Rfd1 Qa6
15. c4 Rfc8 16. Rac1 h6 17. h3 Nb4 18. a3 Nc6 19. Qf1 Nd8 20. Be2 Qa5 21. Bd3
1-0

[Event "EU-chT ICCD deaf 21st"]
[Site "Kaunas"]
[Date "2013.06.15"]
[Round "6.4"]
[White "Sobolev, Yuri"]
[Black "Marczukiewicz, Jerzy"]
[Result "1-0"]
[WhiteElo "2266"]
[BlackElo "1976"]
[PlyCount "87"]
[EventDate "2013.06.13"]
[EventType "team-swiss"]
[EventRounds "7"]
[EventCountry "LTU"]
[SourceTitle "OM OTB B 201907"]
[Source "Opening Master"]
[SourceDate "2019.07.06"]
[SourceVersion "2"]
[SourceVersionDate "2019.07.06"]
[SourceQuality "1"]

1. e4 c5 2. Nf3 Nc6 3. d4 cxd4 4. Nxd4 Nf6 5. Nc3 d6 6. Be2 e5 7. Nf3 h6 8. Bc4
Be7 9. h3 a6 10. a4 Qc7 11. Qe2 Be6 12. Bxe6 fxe6 13. Qc4 Qd7 14. O-O Rc8 15.
Qe2 Nd4 16. Qd3 Nxf3+ 17. Qxf3 O-O 18. Qg3 Kh7 19. Qd3 Qc6 20. Be3 Qc4 21. Rfd1
Rfd8 22. Bb6 Rd7 23. Qf3 Rf8 24. Qe3 d5 25. exd5 Nxd5 26. Nxd5 Rxd5 27. Rxd5
Qxd5 28. b3 Bg5 29. Qe2 Qc6 30. a5 Qc3 31. Ra4 Rc8 32. Rc4 Rxc4 33. bxc4 Bf6
34. Qe4+ Kg8 35. c5 Qb2 36. g3 Qc3 37. Qxb7 Qxc2 38. Qxa6 Qd1+ 39. Qf1 Qa4 40.
a6 e4 41. a7 Bd4 42. Qe2 e5 43. Kg2 Qc6 44. Qa2+ 1-0

[Event "ASEAN-ch U12 14th"]
[Site "Chiangmai"]
[Date "2013.06.11"]
[Round "6"]
[White "Low, Zhen Yu Cyrus"]
[Black "Teh, De Juan"]
[Result "0-1"]
[WhiteElo "1734"]
[BlackElo "1747"]
[PlyCount "142"]
[EventDate "2013.06.08"]
[EventType "swiss"]
[EventRounds "9"]
[EventCountry "THA"]
[SourceTitle "OM OTB B 201907"]
[Source "Opening Master"]
[SourceDate "2019.07.06"]
[SourceVersion "2"]
[SourceVersionDate "2019.07.06"]
[SourceQuality "1"]

1. e4 c5 2. Nf3 d6 3. d4 cxd4 4. Nxd4 Nf6 5. Nc3 Nc6 6. Be2 e5 7. Nb3 Be7 8.
Be3 Be6 9. f3 O-O 10. Qd2 a6 11. O-O-O Qc7 12. g4 b5 13. Nd5 Bxd5 14. exd5 Nb8
15. h4 Rc8 16. Kb1 Nbd7 17. Rh2 Nb6 18. Bxb6 Qxb6 19. h5 h6 20. Rg2 Nh7 21. f4
exf4 22. Qxf4 Bg5 23. Qf5 Nf6 24. Nd4 Re8 25. Nf3 Qe3 26. Nxg5 Re5 27. Qd3 Qxg5
28. Bf3 Rae8 29. Rgg1 Qf4 30. Rdf1 Qg5 31. Rd1 Re3 32. Qf1 R8e5 33. Qg2 Qf4 34.
Rgf1 Qc4 35. Qf2 a5 36. g5 hxg5 37. h6 Qh4 38. h7+ Nxh7 39. Qg2 Qc4 40. Qh3 Qh4
41. Qg2 Re1 42. Qd2 Rxf1 43. Rxf1 Qb4 44. Qf2 Nf6 45. a3 Qh4 46. Qd2 g4 47. Bg2
a4 48. Qb4 Qg3 49. Bh1 Nxd5 50. Qa5 Qh3 51. Qd8+ Kh7 52. Bg2 Qxg2 53. Qh4+ Kg6
54. Rh1 Nf6 55. Rd1 Qh3 56. Qf2 Qf3 57. Qg1 d5 58. Qd4 Re4 59. Qg1 Rf4 60. Ka2
Qf2 61. Qh1 g3 62. Rg1 Rg4 63. Rg2 Qf4 64. Qd1 Qe4 65. Re2 Qc4+ 66. b3 axb3+
67. cxb3 Qf4 68. Qd3+ Ne4 69. Qc2 Qf6 70. Qd3 g2 71. Re1 g1=Q 0-1

[Event "ASEAN-ch U16 14th"]
[Site "Chiangmai"]
[Date "2013.06.11"]
[Round "6"]
[White "Nguyen, Tri Thien"]
[Black "Docena, Jerad"]
[Result "0-1"]
[WhiteElo "1704"]
[BlackElo "2004"]
[PlyCount "86"]
[EventDate "2013.06.08"]
[EventType "swiss"]
[EventRounds "9"]
[EventCountry "THA"]
[SourceTitle "OM OTB B 201907"]
[Source "Opening Master"]
[SourceDate "2019.07.06"]
[SourceVersion "2"]
[SourceVersionDate "2019.07.06"]
[SourceQuality "1"]

1. e4 c5 2. Nf3 d6 3. d4 cxd4 4. Nxd4 Nf6 5. Nc3 Nc6 6. Be2 e5 7. Nb3 Be7 8.
Bg5 Nxe4 9. Nxe4 Bxg5 10. Nxd6+ Ke7 11. Nxc8+ Rxc8 12. Bg4 Qxd1+ 13. Rxd1 Rcd8
14. O-O b6 15. c3 Rxd1 16. Rxd1 Rd8 17. Re1 Kd6 18. g3 Ne7 19. Bh3 g6 20. Na1
f5 21. Nc2 Nc6 22. g4 Ke6 23. Bg2 Rd2 24. Na3 Bh4 25. Rf1 Ne7 26. Nc4 Rc2 27.
Bf3 Kf6 28. Bd1 Rc1 29. Nd6 Rb1 30. b3 Rb2 31. a4 Nd5 32. Nc4 Ra2 33. b4 Nxc3
34. Bb3 Re2 35. f4 e4 36. g5+ Ke7 37. Rc1 Nd5 38. Ne5 Nxf4 39. Nc6+ Kf8 40.
Nxa7 Rb2 41. Rc8+ Ke7 42. Bc2 e3 43. Rc7+ Kd8 0-1